Premier League 25/26 Starting XI - Statistics

General Stats
  • This quiz has been taken 368 times
  • The average score is 142 of 220
Answer Stats
Picture Answer % Correct
Alisson Becker
99%
Mohamed Salah
99%
Virgil Van Dijk
99%
Alexis Mac Allister
98%
Florian Wirtz
98%
Dominik Szoboszlai
97%
Jeremie Frimpong
97%
Hugo Ekitike
96%
Ibrahima Konaté
96%
Cody Gakpo
95%
Milos Kerkez
94%
Anthony Gordon
90%
Kieran Trippier
90%
Bernardo Silva
89%
Bruno Guimarães
89%
Cole Palmer
89%
Erling Haaland
89%
Kyle Walker
89%
Marc Cucurella
89%
Richarlison
89%
Sandro Tonali
89%
Bruno Fernandes
88%
Bukayo Saka
88%
Declan Rice
88%
John Stones
88%
Ollie Watkins
88%
Reece James
88%
Tyrone Mings
88%
Casemiro
87%
David Raya
87%
Enzo Fernández
87%
Martin Ødegaard
87%
Rúben Dias
87%
Cristian Romero
86%
Jérémy Doku
86%
Joelinton
86%
Lucas Paquetá
86%
Moisés Caicedo
86%
Anthony Elanga
85%
Ben White
85%
Gabriel Magalhães
85%
Kaoru Mitoma
85%
Mason Mount
85%
Matthijs de Ligt
85%
Micky van de Ven
85%
Riccardo Calafiori
85%
Robert Sánchez
85%
William Saliba
85%
Youri Tielemans
85%
Gabriel Martinelli
84%
Jarrod Bowen
84%
John McGinn
84%
Jordan Pickford
84%
Luke Shaw
84%
Matheus Cunha
84%
Matty Cash
84%
Viktor Gyökeres
84%
Amadou Onana
83%
Bryan Mbeumo
83%
Leny Yoro
83%
Lucas Digne
83%
Pedro Neto
83%
Pedro Porro
83%
Rico Lewis
83%
Antoine Semenyo
82%
Diogo Dalot
82%
Granit Xhaka
82%
João Pedro
82%
Mohammed Kudus
82%
Nick Pope
82%
Brennan Johnson
81%
Dan Burn
81%
Tino Livramento
81%
Ezri Konsa
80%
Fabian Schär
80%
Jean-Philippe Mateta
79%
Martín Zubimendi
79%
Rayan Aït-Nouri
79%
Trevoh Chalobah
79%
Alex Iwobi
78%
Bernd Leno
78%
Dean Henderson
78%
Guglielmo Vicario
78%
Marc Guéhi
78%
Morgan Rogers
78%
Tijjani Reijnders
78%
Djed Spence
77%
James Trafford
77%
Niclas Füllkrug
77%
Raúl Jiménez
77%
Chris Wood
76%
José Sá
76%
Maxence Lacroix
76%
Aaron Wan-Bissaka
75%
Archie Gray
75%
Harvey Barnes
75%
Morgan Gibbs-White
75%
Oscar Bobb
75%
Evanilson
74%
James Ward-Prowse
74%
Lucas Bergvall
74%
Pape Matar Sarr
74%
Patrick Dorgu
74%
Caoimhín Kelleher
73%
Eberechi Eze
73%
James Tarkowski
73%
Matz Sels
72%
Bart Verbruggen
71%
Beto
71%
Murillo
71%
Adam Wharton
70%
Altay Bayındır
70%
Daniel Muñoz
70%
Jamie Gittens
70%
Calvin Bassey
69%
Djordje Petrovic
69%
Ismaïla Sarr
69%
Neco Williams
69%
Lewis Dunk
68%
Ola Aina
68%
Carlos Baleba
67%
Michael Keane
66%
Nikola Milenković
66%
Boubacar Kamara
65%
Callum Hudson-Odoi
65%
Iliman Ndiaye
65%
Tyler Adams
65%
Harry Wilson
64%
Joachim Andersen
64%
Marcus Tavernier
64%
Martin Dúbravka
64%
Nico González
64%
Will Hughes
64%
Jean-Clair Todibo
63%
Elliot Anderson
62%
Hannibal Mejbri
62%
Idrissa Gueye
62%
Jan Paul van Hecke
62%
Marcos Senesi
60%
Chris Richards
59%
Ibrahim Sangaré
59%
Kenny Tete
59%
Matt Doherty
59%
Nayef Aguerd
59%
Yankuba Minteh
59%
Igor Thiago
57%
Jørgen Strand Larsen
57%
Kiernan Dewsbury-Hall
57%
Fábio Carvalho
56%
Georginio Rutter
56%
Reinildo
55%
Adam Smith
54%
Simon Adingra
54%
Maximilian Kilman
53%
Josh Acheampong
51%
Sander Berge
51%
Wilfried Gnonto
50%
Alex Scott
49%
Carlos Alcaraz
49%
James Garner
49%
Malick Diouf
49%
Marco Bizot
48%
Ethan Ampadu
47%
Mads Hermansen
47%
Sepp van den Berg
47%
Dan Ndoye
46%
Guido Rodriguez
46%
Josh King
45%
Adrien Truffert
44%
Jake O'Brien
44%
João Gomes
44%
Nathan Collins
44%
Rico Henry
44%
Saša Lukić
44%
Tyrick Mitchell
44%
Dan Ballard
43%
Yasin Ayari
43%
David Brooks
42%
Mats Wieffer
42%
Pascal Struijk
42%
Maxime de Cuyper
41%
Baforde Diakite
39%
Joël Piroe
39%
Mathias Jensen
39%
Robin Roefs
39%
André
36%
Ao Tanaka
36%
Maxime Estève
36%
Emmanuel Agbadou
35%
Jaidon Anthony
35%
Jayden Bogle
35%
Michael Kayode
34%
Matt O'Riley
33%
Toti Gomes
33%
Joe Rodon
32%
Lyle Foster
32%
Daniel James
31%
Keane Lewis-Potter
30%
Quilindschy Hartman
30%
Lucas Perri
29%
Jorge Cuenca
28%
Anton Stach
26%
Chemsdine Talbi
26%
Habib Diarra
26%
Josh Cullen
26%
Hjalmar Ekdal
25%
David Møller Wolfe
24%
Eliezer Mayenda
24%
Trai Hume
24%
Jean-Ricner Bellegarde
23%
Gabriel Gudmundsson
22%
Noah Sadiki
22%
Ki-Jana Hoever
21%
Tim Iroegbunam
20%
Marshall Munetsi
19%
Yegor Yarmolyuk
16%
Josh Laurent
14%
Antoni Milambo
10%
Oliver Sonne
9%
Jenson Seelt
8%
No matching quizzes found
Score Distribution
Percent of People with Each Score
Percentile by Number Answered
Your Score History
You have not taken this quiz